मेरी स्त्रियां (Record no. 1231536)

MARC details
000 -LEADER
fixed length control field 00605nam a2200193Ia 4500
008 - FIXED-LENGTH DATA ELEMENTS--GENERAL INFORMATION
fixed length control field 151121s9999||||xx |||||||||||||| ||und||
082 ## - DEWEY DECIMAL CLASSIFICATION NUMBER
Classification number 833/मधुक
082 ## - DEWEY DECIMAL CLASSIFICATION NUMBER
Item number HNW-43451
100 ## - MAIN ENTRY--PERSONAL NAME
Personal name मधुकर मणि
245 ## - TITLE STATEMENT
Title मेरी स्त्रियां
260 ## - PUBLICATION, DISTRIBUTION, ETC. (IMPRINT)
Name of publisher, distributor, etc "सरस्वती विहार , दिल्ली"
260 ## - PUBLICATION, DISTRIBUTION, ETC. (IMPRINT)
Date of publication, distribution, etc --
300 ## - PHYSICAL DESCRIPTION
Extent 122
600 ## - SUBJECT ADDED ENTRY--PERSONAL NAME
Personal name मधुकर मणि
630 ## - SUBJECT ADDED ENTRY--UNIFORM TITLE
Uniform title मेरी स्त्रियां
700 ## - ADDED ENTRY--PERSONAL NAME
Personal name मधुकर मणि
730 ## - ADDED ENTRY--UNIFORM TITLE
Uniform title मेरी स्त्रियां
942 ## - ADDED ENTRY ELEMENTS (KOHA)
Koha item type Book
Holdings
Withdrawn status Lost status Damaged status Not for loan Home library Current library Date acquired Cost, normal purchase price Total Checkouts Full call number Barcode Date last seen Cost, replacement price Price effective from Koha item type
        Hirachand Nemchand Wachanalaya, Solapur Hirachand Nemchand Wachanalaya, Solapur 11/21/2015 20.00   HNW-43451 HNW-43451 11/21/2015 20.00 11/21/2015 Book